<?xml version="1.0" encoding="UTF-8"?>
<collection xmlns="http://www.loc.gov/MARC21/slim">
 <record>
  <leader>01464aam a22002298a 4500</leader>
  <controlfield tag="001">NCT_5052</controlfield>
  <controlfield tag="008">120913s2012                  ||||||viesd</controlfield>
  <datafield tag="999" ind1=" " ind2=" ">
   <subfield code="c">256</subfield>
   <subfield code="d">256</subfield>
  </datafield>
  <datafield tag="020" ind1=" " ind2=" ">
   <subfield code="c">108000</subfield>
  </datafield>
  <datafield tag="082" ind1="0" ind2="4">
   <subfield code="2">23rd ed.</subfield>
   <subfield code="a">664</subfield>
   <subfield code="b">B312</subfield>
  </datafield>
  <datafield tag="100" ind1="1" ind2=" ">
   <subfield code="a">Lê Thanh Bình</subfield>
  </datafield>
  <datafield tag="245" ind1="1" ind2="0">
   <subfield code="a">Cơ sở vi sinh vật học thực phẩm</subfield>
   <subfield code="c">Lê Thanh Bình</subfield>
  </datafield>
  <datafield tag="260" ind1=" " ind2=" ">
   <subfield code="a">H.</subfield>
   <subfield code="b">Khoa học và Kỹ thuật</subfield>
   <subfield code="c">2012</subfield>
  </datafield>
  <datafield tag="300" ind1=" " ind2=" ">
   <subfield code="a">192tr.</subfield>
   <subfield code="b">minh hoạ</subfield>
   <subfield code="c">27cm</subfield>
  </datafield>
  <datafield tag="520" ind1="3" ind2=" ">
   <subfield code="a">Nội dung tài liệu trình bày một số kiến thức cơ bản về cấu trúc và các quá trình cơ bản ở vi sinh vật, vấn đề vi sinh vật gây bệnh thực phẩm, độc tố vi sinh vật, lên men thực phẩm và chất bảo quản thực phẩm nguồn sinh học</subfield>
  </datafield>
  <datafield tag="653" ind1=" " ind2=" ">
   <subfield code="a">Vi sinh vật thực phẩm</subfield>
  </datafield>
  <datafield tag="655" ind1=" " ind2=" ">
   <subfield code="a">Công nghệ thực phẩm</subfield>
  </datafield>
  <datafield tag="942" ind1=" " ind2=" ">
   <subfield code="2">ddc</subfield>
   <subfield code="c">BK</subfield>
  </datafield>
  <datafield tag="952" ind1=" " ind2=" ">
   <subfield code="0">0</subfield>
   <subfield code="1">0</subfield>
   <subfield code="2">ddc</subfield>
   <subfield code="4">0</subfield>
   <subfield code="6">664_000000000000000_B312</subfield>
   <subfield code="7">0</subfield>
   <subfield code="9">2094</subfield>
   <subfield code="a">000001</subfield>
   <subfield code="b">000001</subfield>
   <subfield code="d">2017-10-25</subfield>
   <subfield code="o">664 B312</subfield>
   <subfield code="p">MD.02009</subfield>
   <subfield code="r">2017-10-25</subfield>
   <subfield code="v">108000.00</subfield>
   <subfield code="w">2017-10-25</subfield>
   <subfield code="y">BK</subfield>
  </datafield>
  <datafield tag="952" ind1=" " ind2=" ">
   <subfield code="0">0</subfield>
   <subfield code="1">0</subfield>
   <subfield code="2">ddc</subfield>
   <subfield code="4">0</subfield>
   <subfield code="6">664_000000000000000_B312</subfield>
   <subfield code="7">0</subfield>
   <subfield code="9">2095</subfield>
   <subfield code="a">000001</subfield>
   <subfield code="b">000001</subfield>
   <subfield code="d">2017-10-25</subfield>
   <subfield code="l">2</subfield>
   <subfield code="m">1</subfield>
   <subfield code="o">664 B312</subfield>
   <subfield code="p">MD.02010</subfield>
   <subfield code="r">2019-09-25</subfield>
   <subfield code="s">2019-09-05</subfield>
   <subfield code="v">108000.00</subfield>
   <subfield code="w">2017-10-25</subfield>
   <subfield code="y">BK</subfield>
  </datafield>
  <datafield tag="952" ind1=" " ind2=" ">
   <subfield code="0">0</subfield>
   <subfield code="1">0</subfield>
   <subfield code="2">ddc</subfield>
   <subfield code="4">0</subfield>
   <subfield code="6">664_000000000000000_B312</subfield>
   <subfield code="7">0</subfield>
   <subfield code="9">2096</subfield>
   <subfield code="a">000001</subfield>
   <subfield code="b">000001</subfield>
   <subfield code="d">2017-10-25</subfield>
   <subfield code="l">1</subfield>
   <subfield code="o">664 B312</subfield>
   <subfield code="p">MD.02217</subfield>
   <subfield code="r">2018-03-13</subfield>
   <subfield code="s">2018-02-27</subfield>
   <subfield code="v">108000.00</subfield>
   <subfield code="w">2017-10-25</subfield>
   <subfield code="y">BK</subfield>
  </datafield>
  <datafield tag="980" ind1=" " ind2=" ">
   <subfield code="a">Thư viện Trường Đại học Nam Cần Thơ</subfield>
  </datafield>
 </record>
</collection>
